Présidents américains - Statistiques

Statistiques générales
  • Ce quiz a été pris 3 600 fois
    3 386 depuis la dernière actualisation
  • Le résultat moyen est 22 sur 45
Statistiques - réponses
Dates Président % Correct
2017-2021 Donald Trump
98%
2009-2017 Barack Obama
97%
2021-2025 Joe Biden
95%
1989-1993 George H.W Bush
93%
2001-2009 George W. Bush
93%
1789-1797 George Washington
89%
1961-1963 John F Kennedy
89%
1933-1945 Franklin Roosevelt
84%
1901-1909 Theodore Roosevelt
84%
1993-2001 Bill Clinton
83%
1861-1865 Abraham Lincoln
80%
1981-1989 Ronald Reagan
76%
1969-1974 Richard Nixon
75%
1945-1953 Harry Truman
69%
1953-1961 Dwight Eisenhower
65%
1977-1981 Jimmy Carter
59%
1963-1969 Lyndon Johnson
59%
1865-1869 Andrew Johnson
58%
1974-1977 Gerald Ford
55%
1801-1809 Thomas Jefferson
54%
1913-1921 Woodrow Wilson
47%
1929-1933 Herbert Hoover
44%
1797-1801 John Adams
43%
1825-1829 John Quincy Adams
43%
1817-1825 James Monroe
34%
1829-1837 Andrew Jackson
33%
1869-1877 Ulysses S Grant
31%
1809-1817 James Madison
29%
1885-1889 Grover Cleveland
26%
1923-1929 Calvin Coolidge
25%
1881 James Garfield
25%
1841 William Henry Harrison
25%
1837-1841 Martin van Buren
24%
1909-1913 William Taft
24%
1889-1893 Benjamin Harrison
23%
1897-1901 William McKinley
23%
1881-1885 Chester A Arthur
21%
1921-1923 Warren Harding
21%
1849-1850 Zachary Taylor
21%
1857-1861 James Buchanan
20%
1845-1849 James K Polk
20%
1841-1845 John Tyler
20%
1877-1881 Rutherford B Hayes
19%
1853-1857 Franklin Pierce
18%
1850-1853 Millard Fillmore
17%
Aucun quiz correspondant
Distribution des résultats
% des personnes avec chaque résultat
Percentile par nombre de réponses
Votre historique - résultats
Vous n’avez pas pris ce quiz depuis la dernière actualisation